000 00541nam a2200241Ia 4500
008 210210b1963 xxu||||| |||| 00| 0 eng d
041 _aeng
082 _a829/799
100 _aMURKOT (K)
245 _aThree bags of rice and other Indian folk tales
260 _aBombay
_bAsia Publishing House
_c1963
650 _aThree
650 _atales
650 _arice
650 _aother
650 _aof
650 _aIndian
650 _afolk
650 _abags
650 _aand
690 _aEnglish Fiction
906 _a017397
999 _c137364
_d137364